000
00347nam a2200121Ia 4500
008
231129s9999||||xx |||||||||||||| ||spa||
020
_a
84-286-0556-4
082
_a
923.5 B783H
100
_a
Herrera Luque Francisco
245
0
_a
Boves: El Urogallo
264
_a
Barcelona EspaƱa : Pomaire
942
_2
ddc
_c
BKS
999
_c
6311
_d
6311